Most expensive football transfers - Right Midfielers - Statistics

General Stats
  • This quiz has been taken 23 times
  • The average score is 7 of 10
Answer Stats
Fee (M €) Season Nationality Left Joined Player % Correct
37,50 2003-2004 England Manchester United Real Madrid David Beckham
95%
31,00 2014-2015 Colombia Fiorentina Chelsea Juan Cuadrado
90%
20,00 2017-2018 Colombia Chelsea Juventus Juan Cuadrado
90%
20,00 2013-2014 Colombia Udinese Calcio Fiorentina Juan Cuadrado
90%
24,50 2003-2004 Ireland Blackburn Chelsea Damien Duff
70%
15,50 2006-2007 Ireland Chelsea Newcastle Damien Duff
70%
48,00 2001-2002 Spain Valencia Lazio Gaizka Mendieta
70%
25,00 2017-2018 Italy Torino Chelsea Davide Zappacosta
65%
22,00 2016-2017 Italy Lazio Inter Antonio Candreva
35%
22,00 2008-2009 England Blackburn Tottenham David Bentley
35%
No matching quizzes found
Score Distribution
Percent of People with Each Score
Percentile by Number Answered
Your Score History
You have not taken this quiz